NLSUI OPAC header image

Seeds of Terror : The Taliban, the ISI and the New Opium Wars (Record no. 120130)

MARC details
000 -LEADER
fixed length control field 00422nam a2200145Ia 4500
008 - FIXED-LENGTH DATA ELEMENTS--GENERAL INFORMATION
fixed length control field 200619s9999 xx 000 0 und d
020 ## - INTERNATIONAL STANDARD BOOK NUMBER
International Standard Book Number 9789380143026
082 ## - DEWEY DECIMAL CLASSIFICATION NUMBER
Classification number 303.6GRE
100 ## - MAIN ENTRY--PERSONAL NAME
Personal name Peters Gretchen
245 #0 - TITLE STATEMENT
Title Seeds of Terror : The Taliban, the ISI and the New Opium Wars
264 ## - PRODUCTION, PUBLICATION, DISTRIBUTION, MANUFACTURE, AND COPYRIGHT NOTICE
Place of production, publication, distribution, manufacture Gurgaon
Name of producer, publisher, distributor, manufacturer Hachette India
Date of production, publication, distribution, manufacture, or copyright notice 2009
300 ## - PHYSICAL DESCRIPTION
Extent 302
942 ## - ADDED ENTRY ELEMENTS (KOHA)
Koha item type CSSEIP Office Library Collection
Holdings
Withdrawn status Lost status Damaged status Not for loan Home library Current library Shelving location Date acquired Total Checkouts Barcode Date last seen Price effective from Koha item type
        NLS NLS CSSEIP Office Library 25/06/2020   CSSEIP592 23/06/2020 23/06/2020 CSSEIP Office Library Collection